| 000 | 00693cam a2200229 4500500 | ||
|---|---|---|---|
| 005 | 20260405002649.0 | ||
| 041 | _afre | ||
| 042 | _adc | ||
| 100 | 1 | 0 |
_aTenaillon, Nicolas _eauthor |
| 245 | 0 | 0 | _aHistoire de la sexualité, IV : Les aveux de la chair |
| 260 | _c2018. | ||
| 500 | _a62 | ||
| 690 | _aAntiquité | ||
| 690 | _achristianisme | ||
| 690 | _aÉglise | ||
| 690 | _aMartin Duru | ||
| 690 | _aMichel Foucault | ||
| 690 | _aPères de l’Église | ||
| 690 | _aSexualité | ||
| 786 | 0 | _nPhilosophie magazine | 117 | 3 | 2018-03-01 | p. 46-50 | 1951-1787 | |
| 856 | 4 | 1 | _uhttps://shs.cairn.info/magazine-philosophie-magazine-2018-3-page-46?lang=fr&redirect-ssocas=7080 |
| 999 |
_c2059861 _d2059861 |
||